[Event "Goch op 20th"]
[Site "Goch"]
[Date "2009.10.02"]
[Round "2"]
[White "Langhammer, Joerg"]
[Black "Anstoetz, Dieter"]
[Result "1-0"]
[WhiteElo "1801"]
[BlackElo "1057"]
[PlyCount "35"]
[EventDate "2009.10.01"]
[EventType "swiss"]
[EventRounds "7"]
[EventCountry "GER"]
[SourceTitle "EXT 2011"]
[Source "ChessBase"]
[SourceDate "2010.11.26"]
[SourceVersion "1"]
[SourceVersionDate "2010.11.26"]
[SourceQuality "1"]

1. e4 d5 2. exd5 Qxd5 3. Nc3 Qd8 4. d4 c6 5. Nf3 Bf5 6. Bd3 e6 7. 0-0 Nf6 8. Re1 Be7 9. Bxf5 exf5 10. Qd3 g6 11. Bh6 Rg8 12. h3 Qd7 13. Re2 Kd8 14. Rae1 Re8 15. Ne5 Qe6 16. Nxg6 Qd7 17. Nxe7 Rxe7 18. Rxe7 1-0

[Event "Dortmund op-B"]
[Site "Dortmund"]
[Date "2005.07.12"]
[Round "5"]
[White "Anstoetz, Dieter"]
[Black "Wilms, Christoph"]
[Result "0-1"]
[WhiteElo "997"]
[BlackElo "1534"]
[PlyCount "80"]
[EventDate "2005.07.08"]
[EventType "swiss"]
[EventRounds "9"]
[EventCountry "GER"]
[SourceTitle "CBM 107 Extra"]
[Source "ChessBase"]
[SourceDate "2005.09.01"]
[SourceVersion "1"]
[SourceVersionDate "2005.09.01"]
[SourceQuality "1"]

1. d4 e6 2. Nf3 c5 3. e3 cxd4 4. Nxd4 Nc6 5. c3 Nf6 6. Bd3 d5 7. Nd2 Qc7 8. e4 Nxd4 9. cxd4 dxe4 10. Nxe4 Be7 11. Ng3 0-0 12. 0-0 b6 13. Re1 Bb7 14. Be3 Qc6 15. f3 Bd6 16. Bf2 Bc7 17. Rc1 Qd6 18. Bb1 h5 19. Re5 h4 20. Ne4 Nxe4 21. Bxe4 Bxe4 22. fxe4 f6 23. Rh5 Qxh2+ 24. Kf1 Qh1+ 25. Ke2 Qxd1+ 26. Kxd1 Bf4 27. Rc6 Rfe8 28. Rxh4 Bg5 29. Rg4 Rac8 30. Rxc8 Rxc8 31. Bh4 Rc1+ 32. Ke2 Bxh4 33. Rxh4 Rc2+ 34. Kd3 Rxb2 35. g4 Rxa2 36. Rh1 b5 37. Rc1 Ra3+ 38. Kd2 b4 39. Rc7 a5 40. Rc3 Ra2+ 0-1

[Event "Nettetal Chessgate op"]
[Site "Nettetal"]
[Date "2004.08.15"]
[Round "9"]
[White "Wirths, Martin"]
[Black "Anstoetz, Dieter"]
[Result "1/2-1/2"]
[WhiteElo "1073"]
[BlackElo "1030"]
[PlyCount "75"]
[EventDate "2004.08.07"]
[EventType "swiss"]
[EventRounds "9"]
[EventCountry "GER"]
[SourceTitle "EXT 2006"]
[Source "ChessBase"]
[SourceDate "2005.11.24"]
[SourceVersion "1"]
[SourceVersionDate "2005.11.24"]
[SourceQuality "1"]

1. e4 e5 2. Nf3 Nc6 3. d4 exd4 4. Nxd4 Nf6 5. Nc3 Ne5 6. f4 Neg4 7. Qf3 Bc5 8. Be3 d6 9. 0-0-0 a6 10. h3 Nxe3 11. Qxe3 0-0 12. f5 Re8 13. Qf3 Bd7 14. Bc4 b5 15. Bb3 b4 16. Nd5 Nxd5 17. Bxd5 c6 18. Bxc6 Bxc6 19. Nxc6 Qc7 20. Nd4 Rac8 21. c3 bxc3 22. Qxc3 Rxe4 23. Nb3 Be3+ 24. Kb1 Qxc3 25. bxc3 Rxc3 26. Rxd6 Re8 27. Kb2 Rc7 28. Rhd1 Rcc8 29. Rxa6 Rb8 30. f6 g6 31. Rc6 Bf4 32. a4 Re2+ 33. Ka3 Be5 34. Rd2 Re3 35. Ka2 Rexb3 36. Rc8+ Rxc8 37. Kxb3 Bxf6 38. Rd5 1/2-1/2